| 000 | 00471nam a2200157Ia 4500 | ||
|---|---|---|---|
| 008 | 240729s9999 xx 000 0 und d | ||
| 022 | _a2423-4494 | ||
| 245 | 0 | _aPharmaceutical and Biomedical Research | |
| 260 | _aIran, Islamic Republic of | ||
| 260 | _bMazandaran University of Medical Sciences | ||
| 650 | _a Therapeutics. Pharmacology | ||
| 650 | _aMedicine | ||
| 856 | _uhttps://doaj.org/toc/4c19dbc4f6a34b0f96715ac79bcbe2e5 | ||
| 942 | _2ddc | ||
| 942 | _cDOAJEJ | ||
| 999 |
_c66118 _d66118 |
||
| 945 |
_a1 _bMadushi Gamage _c1 _dMadushi Gamage |
||